000 00319 a2200109 4500
001 ART_3586
005 20260410161716.0
008 260409a
245 1 0 _aLa horticultura bonaerense
100 1 _aBenencia, Roberto
773 0 _tDesarrollo económico
_g- Vol. 34, Nº 133 (abr./jun. 1994)
_wREV1174
999 _c16533
_d16533